| 000 | 00498nam a22001577a 4500 | ||
|---|---|---|---|
| 003 | LC | ||
| 005 | 20160309181137.0 | ||
| 008 | 160309b xxu||||| |||| 00| 0 eng d | ||
| 020 | _a9781891315091 | ||
| 050 | _aHB 615 .H811 2015 | ||
| 100 | _aHoran, Jim | ||
| 245 |
_aThe one page business plan : _bstart with a vision, build a company! _cJim Horan |
||
| 260 |
_aUSA : _bThe one page business plan company publishing _c2015 |
||
| 300 |
_a90 pages., _billustrations. _c28 cm. |
||
| 942 |
_2lcc _cBK |
||
| 999 |
_c291529 _d291529 |
||